Catálogo
 En Linea

Larousse 2000 : (Registro nro. 57390)

Detalles MARC
000 -CABECERA
campo de control de longitud fija 03555nam a2200325 i 4500
003 - IDENTIFICADOR DEL NÚMERO DE CONTROL
campo de control DO-SdBNP
005 - FECHA Y HORA DE LA ÚLTIMA TRANSACCIÓN
campo de control 20240815122624.0
007 - CAMPO FIJO DE DESCRIPCIÓN FÍSICA--INFORMACIÓN GENERAL
campo de control de longitud fija ta
008 - DATOS DE LONGITUD FIJA--INFORMACIÓN GENERAL
campo de control de longitud fija 240808s2007 sp abc e 000 0 spa d
020 ## - NÚMERO INTERNACIONAL ESTÁNDAR DEL LIBRO
Número Internacional Estándar del Libro 8489898502 (c. completa)
020 ## - NÚMERO INTERNACIONAL ESTÁNDAR DEL LIBRO
Número Internacional Estándar del Libro 8489898502 (actualización 2001)
040 ## - FUENTE DE LA CATALOGACIÓN
Centro catalogador/agencia de origen DO-SdBNP
Lengua de catalogación spa
Centro/agencia transcriptor BNPHU
Normas de descripción rda
082 #4 - NÚMERO DE LA CLASIFICACIÓN DECIMAL DEWEY
Número de edición 22
Número de clasificación 036.1
Número de documento/Ítem L332 2007
245 00 - MENCIÓN DE TÍTULO
Título Larousse 2000 :
Resto del título actualización 2007 /
Mención de responsabilidad, etc. dirección Núria Lucena Cayuela ; edición Jordi Induráin Pons, Emili López Tossas ; redacción Cristina Ruiz Vegas
264 #1 - PRODUCCIÓN, PUBLICACIÓN, DISTRIBUCIÓN, FABRICACIÓN Y COPYRIGHT
Producción, publicación, distribución, fabricación y copyright Barcelona, España :
Nombre del de productor, editor, distribuidor, fabricante Planeta,
-- Temáticos Larousse,
Fecha de producción, publicación, distribución, fabricación o copyright ©2007.
300 ## - DESCRIPCIÓN FÍSICA
Extensión 344 páginas :
Otras características físicas ilustraciones, mapas, retratos ;
Dimensiones 30 cm.
336 ## - TIPO DE CONTENIDO
Fuente rdacontent
Término de tipo de contenido texto
Código de tipo de contenido txt
337 ## - TIPO DE MEDIO
Fuente rdamedia
Nombre/término del tipo de medio sin mediación
Código del tipo de medio n
338 ## - TIPO DE SOPORTE
Fuente rdacarrier
Nombre/término del tipo de soporte volumen
Código del tipo de soporte nc
500 ## - NOTA GENERAL
Nota general Incluye índice onomástico.
505 0# - NOTA DE CONTENIDO CON FORMATO
Título Preliminares --
-- Imágenes del año --
-- Cronología --
Información miscelánea Panorama Internacional --
Título Resumen del año. --
-- Michelle Bachelet, una presidenta para Chile --
-- Evo Morales entre dos mundos --
-- Portugal: la derecha en la presidencia --
-- La última guerra del Líbano --
-- Italia frente a Italia --
-- Tormenta sobre México --
-- Brasil: Lula vuelve a ganar --
-- El comandante Hugo chávez reelegido presidente --
-- Irán nuclear --
-- Montenegro, el último eslabón yugoslavo --
-- Bombay, en la estela de Madrid y Londres --
-- ¿El comunismo cubano también morirá? --
Información miscelánea España --
Título Resumen político --
-- Año económico en España --
-- Nuevo estatuto y elecciones en Cataluña: del tripartito a la entesa --
-- Las reformas estatutarias --
-- País Vasco: la paz es el camino --
-- Seguridad y accidentes en los ferrocarriles --
Información miscelánea Economía --
Título Económica mundial --
-- Riesgo hipotecario --
-- El mercado, energético europeo --
-- La escalada de los precios del petróleo --
Información miscelánea Cultura --
Título Panorama literario --
-- Panorama musical --
-- Teatro y danza --
-- El mundo del arte --
-- El cine en el mundo --
-- Arquitectura española para el siglo xxi --
Información miscelánea Sociedad --
Título La L.O.E., una nueva ley de educación --
-- Un arriesgado viaje al primer mundo --
Información miscelánea Ciencia y técnica --
Título La energía nuclear: un debate abierto --
-- Investigación espacial --
Información miscelánea Medio ambiente --
Título El oso pardo en los Pirineos -- --
-- el proyecto gran simio --
-- Biodiversidad: pérdidas y hallazgos --
-- Incendios forestales en Galicia --
Información miscelánea Deportes --
Título Deportes: más que triunfos --
-- Juegos olímpicos de invierno en Turín --
-- Mundial de fútbol en Alemania --
-- El baloncesto español conquista el mundo --
Información miscelánea Personajes del año --
Título Protagonistas --
-- Obituario --
Información miscelánea Efemérides --
Título V centenario del nacimiento de la muerte de Cristóbal Colón --
-- IV centenario del nacimiento de Rembrandt --
-- 250 años del nacimiento de Mozart --
-- Centenario de la muerte de Paul Cézanne --
-- 70 años del inicio de la guerra civil española --
-- 25 aniversario de la llegada del Guernica a España --
-- Otras efemérides --
Información miscelánea Premios --
Título Arte --
-- Artes escénicas --
-- Cine --
-- Literatura --
-- Música --
-- Premios nacionales --
-- Premios Nobel --
-- Ondas --
-- Príncipe de Asturias --
-- Museos de Bellas Artes de España --
-- Suplemento enciclopédico --
-- Índice onomástico
590 ## - NOTA LOCAL (RLIN)
Nota local Inventariado, 2024/ YL
650 #4 - PUNTO DE ACCESO ADICIONAL DE MATERIA--TÉRMINO DE MATERIA
Término de materia o nombre geográfico como elemento de entrada Diccionario Enciclópedico
9 (RLIN) 86131
700 1# - PUNTO DE ACCESO ADICIONAL--NOMBRE DE PERSONA
Nombre de persona Lucena Cayuela, Núria,
Término indicativo de función/relación dirección
9 (RLIN) 86242
700 1# - PUNTO DE ACCESO ADICIONAL--NOMBRE DE PERSONA
Nombre de persona Induráin Pons, Jordi,
Término indicativo de función/relación edición
9 (RLIN) 86243
700 1# - PUNTO DE ACCESO ADICIONAL--NOMBRE DE PERSONA
Nombre de persona López Tossas, Emili,
Término indicativo de función/relación edición
9 (RLIN) 86244
700 1# - PUNTO DE ACCESO ADICIONAL--NOMBRE DE PERSONA
Nombre de persona Ruiz Vegas, Cristina
Término indicativo de función/relación redacción
9 (RLIN) 86245
910 ## - DATOS DE OPCIÓN DEL USUARIO (OCLC)
Datos de opción del usuario YLockward. Validado control de calidad
942 ## - ELEMENTOS DE PUNTO DE ACCESO ADICIONAL (KOHA)
Fuente del sistema de clasificación o colocación Dewey Decimal Classification
Tipo de ítem Koha Libro
Existencias
Estado de retiro Estado de pérdida Fuente del sistema de clasificación o colocación Restricciones de uso No para préstamo Código de colección Localización permanente Ubicación/localización actual Ubicación en estantería Fecha de adquisición Fuente de adquisición Total de préstamos Signatura topográfica completa Código de barras Fecha visto por última vez Precio válido a partir de Tipo de ítem Koha
    Dewey Decimal Classification Préstamo en sala   Referencia General Biblioteca Nacional Pedro Henríquez Ureña Biblioteca Nacional Pedro Henríquez Ureña Depósito 13.08.2024 Donación   BNPHU R-GR 036.1 L332 2007 2024-4765 13.08.2024 13.08.2024 Libro

Con tecnología Koha